| 000 | 01839 a2200265 4500 | ||
|---|---|---|---|
| 001 | 14630 | ||
| 005 | 20260407155448.0 | ||
| 008 | 260407a2011 arg spa d | ||
| 003 | AR-UNSa-BCEJYS | ||
| 040 |
_aAR-UNSa-BCEJYS _bspa _cAR-UNSa-BCEJYS |
||
| 080 |
_a330.101.542 _xMicroeconomía |
||
| 245 | 1 | 0 |
_aMicroeconomia intermedia _pun enfoque actual |
| 020 | _a978-84-95348-57-9 | ||
| 250 | _a8a. ed. | ||
| 264 | 1 |
_aBarcelona : _bAntoni Bosch _c2011 |
|
| 300 |
_axxiv, 818 p. _c24 cm. |
||
| 505 | _a1. El mercado - 2. La restricción presupuestaria - 3. Las preferencias - 4. La utilidad - 5. La elección - 6. La demanda - 7. Las preferencias reveladas - 8. La ecuación de Slutsky - 9. La compra y la venta - 10. La elección intertemporal - 11. Los mercados de activos - 12. La incertidumbre - 13. Los activos inciertos - 14. El excedente del consumidor - 15. La demanda del mercado - 16. El equilibrio - 17. Las subastas - 18. La tecnología - 19. La maximización del beneficio - 20. La minimización de los costes - 21. Las curvas de costes - 22. La oferta de la empresa - 23. La oferta de la industria - 24. El monopolio - 25. La conducta del monopolio - 26. Los mercados de factores - 27. El oligopolio - 28. La teoría de los juegos - 29. Aplicaciones de la teoría de los juegos - 30. Economía del comportamiento - 31. El intercambio - 32. La producción - 33. El bienestar - 34. Las externalidades - 35. La tecnología de la información - 36. Los bienes públicos - 37. Información asimétrica | ||
| 041 | _aspa | ||
| 942 | _cBK | ||
| 590 | _aniveau_biblio:m niveau_hierar:0 | ||
| 100 | 1 | _aVarian, Hal R. | |
| 700 | 1 | _aRabasco, María Esther | |
| 700 | 1 | _aToharia Cortés, Luis | |
| 856 | 4 | 1 |
_uhttps://biblioeco.unsa.edu.ar/pmb/images/libros/Micro Economia(un enfoque actual).jpg _yImagen de portada _qimage/jpeg |
| 999 |
_c587 _d587 |
||